All Eurovision winners (country, song and artist) - Statistics

General Stats
  • This quiz has been taken 188 times
    144 since last reset
  • The average score is 55 of 67
Answer Stats
Year Artist Song Country % Correct
1974 ABBA Waterloo Sweden
94%
2015 Måns Zelmerlöw Heroes Sweden
93%
2014 Conchita Wurst Rise Like A Phoenix Austria
92%
2006 Lordi Hard Rock Hallelujah Finland
92%
2012 Loreen Euphoria Sweden
92%
1988 Céline Dion Ne Partez Pas Sans Moi Switzerland
92%
2018 Netta Barzilai Toy Israel
91%
2009 Alexander Rybak Fairytale Norway
91%
2017 Salvador Sobral Amar Pelos Dois Portugal
91%
2019 Duncan Laurence Arcade The Netherlands
90%
2010 Lena Satellite Germany
89%
1967 Sandie Shaw Puppet On A String United Kingdom
89%
1958 André Claveau Dors, Mon Amour France
88%
1962 Isabelle Aubret Un Premier Amour France
88%
1980 Johnny Logan What's Another Year Ireland
88%
1987 Johnny Logan Hold Me Now Ireland
88%
1998 Dana International Diva Israel
88%
1982 Nicole Ein Bißchen Frieden Germany
87%
2007 Marija Šerifović Molitva Serbia
87%
2000 Olsen Brothers Fly On The Wings Of Love Denmark
86%
2008 Dima Bilan Believe Russia
86%
2016 Jamala 1944 Ukraine
86%
1997 Katrina and the Waves Love Shine A Light United Kingdom
86%
2013 Emmelie de Forest Only Teardrops Denmark
85%
2005 Helena Paparizou My Number One Greece
85%
1991 Carola Fångad Av En Stormvind Sweden
85%
1956 Lys Assia Refrain Switzerland
85%
2004 Ruslana Wild Dances Ukraine
85%
1976 Brotherhood of Man Save Your Kisses For Me United Kingdom
85%
2011 Ell & Nikki Running Scared Azerbaijan
84%
1977 Marie Myriam L'oiseau Et L'enfant France
84%
1965 France Gall Poupée De Cire, Poupée De Son Luxembourg
84%
1994 Paul Harrington & Charlie McGettigan Rock 'n' Roll Kids Ireland
83%
1999 Charlotte Nilsson Take Me To Your Heaven Sweden
83%
1981 Bucks Fizz Making Your Mind Up United Kingdom
83%
1963 Grethe & Jørgen Ingmann Dansevise Denmark
82%
1992 Linda Martin Why Me? Ireland
82%
2001 Tanel Padar, Dave Benton & 2XL Everybody Estonia
81%
1961 Jean-Claude Pascal Nous Les Amoureux Luxembourg
81%
1969 Lulu Boom-Bang-A-Bang United Kingdom
81%
1986 Sandra Kim J'aime La Vie Belgium
80%
1993 Niamh Kavanagh In Your Eyes Ireland
80%
1996 Eimear Quinn The Voice Ireland
80%
1964 Gigliola Cinquetti Non Ho L'età Italy
80%
1969 Salomé Vivo Cantando Spain
80%
1959 Teddy Scholten En Beetje The Netherlands
80%
2003 Sertab Erener Everyway That I Can Turkey
80%
1969 Frida Boccara Un Jour, Un Enfant France
79%
1978 Izhar Cohen and the Alphabeta A-Ba-Ni-Bi Israel
79%
1979 Gali Atari and Milk and Honey Hallelujah Israel
79%
1990 Toto Cutugno Insieme: 1992 Italy
78%
1972 Vicky Leandros Après Toi Luxembourg
78%
1957 Corry Brokken Net Als Toen The Netherlands
78%
1970 Dana All Kinds Of Everything Ireland
77%
2002 Marie N I Wanna Latvia
77%
1968 Massiel La, La, La Spain
77%
1983 Corinne Hermès Si La Vie Est Cadeau Luxembourg
76%
1960 Jacqueline Boyer Tom Pillibi France
75%
1973 Anne-Marie David Tu Te Reconnaîtras Luxembourg
75%
1995 Secret Garden Nocturne Norway
73%
1984 Herreys Diggi-Loo-Diggi-Ley Sweden
73%
1969 Lenny Kuhr De Troubadour The Netherlands
73%
1966 Udo Jürgens Merci, Chérie Austria
72%
1985 Bobbysocks! La Det Swinge Norway
72%
1971 Séverine Un Banc, Un Arbre, Une Rue Monaco
71%
1989 Riva Rock Me Yugoslavia
71%
1975 Teach-In Ding-A-Dong The Netherlands
69%
No matching quizzes found
Score Distribution
Percent of People with Each Score
Percentile by Number Answered
Your Score History
You have not taken this quiz since the last reset